00713nam a2200277Ia 4500008004100000020001800041050001000059050001400069100002500083245001100108245002700119245002800146260001800174260001100192260000900203300001600212300002000228300001000248650003200258650003000290650002000320650001100340650002800351650003700379999001900416170712s9999 xx 000 0 und d a9789712723711 a959.9 bJ938 2009 aJuico, Margie Penson aCory : ban intimate portrait / cby Margie Penson Juico. aPhilippines : bAnvil, c2009 a290 pages : billustrations ; c22cm. aAquino, Corazon Cojuanco -- aAquino, Corazon Cojuanco. aPhilippines --  aTitle. xFriends and associates. xPolitics and government -- 1986- c340365d340365